00629nam a2200109Ia 4500008004100000245004700041300027500088650000900363856005600372999001900428952007200447170517s9999 xx 000 0 und d aCrossing the Bridge: The Sound of Istanbul aIt's not the expected thing for a documentary on Turkish music to open with a quote from Confucius, but that is not the only fascinating surprise that Crossing the Bridge: The Sound of Istanbul has to offer. The latest film by Fatih Akin, who directed the exceptional... xArt. uhttp://topdocumentaryfilms.com/crossing-the-bridge/ c333127d333127 001040aCLbCLd2017-05-17l0r2017-05-17 00:00:00w2017-05-17yDF